Responses for Show #3204 - Thursday, July 2, 1998

John Skelton game 3.

Contestants

[<< previous game]

Lauren Slauson, a travel consultant from Seattle, Washington

Scot Peterson, a market researcher from Seattle, Washington

John Skelton, a lawyer and real estate appraiser from Seattle, Washington (whose 2-day cash winnings total $41,000)

[next game >>]

Jeopardy! Round responses

DOCUMENTS
SHAKESPEARE
U.S. CURRENCY
VOCABULARY
MOVING AROUND THE DIAL
"STUFF"
    $100 16
passports

John
    $100 6
Verona

Scot
    $100 1
Dwight D. Eisenhower

John
    $100 18
Chinese

Scot
    $100 15
Bel-Air

Scot
    $100 11
stuffed animals

Lauren
    $200 23
a green card

John
    $200 7
King Lear

John
    $200 2
a $20 bill

Scot
    $200 19
fish

Scot
    $200 30
(Alex: Quick now, players... I knew one of you would get it!)

Seattle

Lauren
    $200 12
a stocking stuffer

Lauren
    $300 24
the pledge

Lauren
    $300 8
The Merchant of Venice

John
    $300 3
a $10 bill

John
    $300 20
inimitable

John
    $300 29
Buffy

John
    $300 13
The Right Stuff

John
    $400 25
adoption

John
    $400 9
(Lauren: What is The Taming of the Shrew?)

The Merry Wives of Windsor

ScotLauren
    $400 4
the penny

John
    $400 21
cuspidor

John
    $1,000 27
Minnesota

John
    $400 14
(Lauren: What is Stouffer's Stuffing?)

Stove Top Stuffing

ScotLauren
    $500 26
testament

John
    $500 10
Vienna

Scot
    $500 5
the decimal system

John
    $500 22
waning & decrescent

Lauren
    $500 28
Green Acres

Scot
    $500 17
the best stuff on Earth

Lauren

Scores at the first commercial break (after clue 15):

John Scot Lauren
$2,100 $1,700 -$500

Scores at the end of the Jeopardy! Round:

John Scot Lauren
$5,300 $2,500 $1,000

Double Jeopardy! Round responses

PRESIDENTIAL CAMPAIGNS
HORSE BREEDS
3 LITTLE WORDS
OCEANIA
SINGERS ON FILM
A GOOD LAUGH
    $200 9
John F. Kennedy

John
    $200 14
Clydesdale

John
    $200 2
boy meets girl

Lauren
    $200 19
New Zealand

John
    $200 1
Jerry Maguire

John
    $200 26
stitches

Lauren
    $400 10
Al Smith

John
    $400 15
Argentina

John
    $400 3
full of grace

John
    $400 20
Micronesia

John
    $400 5
Whitney Houston

John
    $400 27
a howl

Scot
    $600 11
Walter Mondale

Scot
    $2,300 16
Tennessee

John
    $600 4
(John: What is nose to nose?)

nip and tuck

John
Triple Stumper
    $600 21
American Samoa

John
    $600 6
Neil Diamond

John
    $600 30
(Scot: What is a snicker?)
(Alex: Yes, and [looks to judges]... well, we can't accept.)
...
(Alex: [*], there's an "S" on the end of it. Scot, I was so relieved that you had come up with that correct response or what I thought was a correct response. You were gonna be out of the hole, but you had no money, so you wouldn't have been able to play in Final Jeopardy! anyway. As it is, we'll have to say goodbye to you, you'll get the third place prize.)

Snickers

JohnScot
    $3,100 12
(Scot: Who was Lincoln?)

H. Ross Perot

Scot
    $800 17
Appaloosa

John
    $800 24
"Kiss my Grits!"

John
    $800 22
(Scot: What is Vanuatu?)
(John: What is Fiji?)

Tonga

JohnScot
Triple Stumper
    $800 7
Ringo Starr

John
    $800 29
Richard Widmark

Scot
    $1000 13
(Scot: What was the Bull Moose Party?)
(John: Who was Debs?)

the Prohibition Party

JohnScot
Triple Stumper
    $1000 18
(John: What is a hansom?)

a hackney

John
Triple Stumper
    $1000 25
(Alex: Less than a minute to go, John.)

at the stars

Triple Stumper
    $1000 23
Fiji

Lauren
    $1000 8
Prince

John
    $1000 28
Ridicule

Triple Stumper

Scores at the end of the Double Jeopardy! Round:

John Scot Lauren
$12,200 -$1,200 $2,400
(lock game)

[wagering suggestions for these scores]

Final Jeopardy! Round responses

AMERICAN ARTISTS
LaurenWho is Grant Wood?
$2,399
JohnWho was Grandma Mos Grant Wood?
$3,800
Grant Wood

Final scores:

John Scot Lauren
$16,000 -$1,200 $4,799
3-day champion: $57,000 + a Jeopardy! scorekeeper 3rd place: a pair of Festina Megaquartz watches + a Jeopardy! scorekeeper 2nd place: a trip to Volcano House Resort, Hawaii + a Jeopardy! scorekeeper

Game dynamics:

Coryat scores:

John Scot Lauren
$9,900 $1,900 $2,400
32 R
(including 2 DDs),
4 W
12 R,
4 W
(including 1 DD)
9 R,
2 W

Combined Coryat: $14,200

[game clues] [game scores] [suggest correction]

Game tape date: Unknown
The J! Archive is created by fans, for fans. Scraping, republication, monetization, and malicious use prohibited; this site may use cookies and collect identifying information. See terms. The Jeopardy! game show and all elements thereof, including but not limited to copyright and trademark thereto, are the property of Jeopardy Productions, Inc. and are protected under law. This website is not affiliated with, sponsored by, or operated by Jeopardy Productions, Inc. Join the discussion at JBoard.tv.